Statistics for Lord of the Rings-Who Killed Who?

Click here to take the quiz!

General Stats

  • This quiz has been taken 78 times
    (53 since last reset)
  • The average score is 9 of 15

Answer Stats

Person who died…Killer% Correct
SauronThe ring
94%
Witch king of AngmarEowyn
88%
TheodenWitch king of Angmar
69%
SmaugBard the bowman
67%
Great goblinGandalf
65%
DenethorHimself
65%
IsildurOrc
65%
Shelob (unconfirmed death)Sam
65%
GollumVolcano
65%
SarumanGrima wormtongue
63%
TrollsGandalf
59%
BoromirOrc
53%
Grima WormtongueHobbit arrow
35%
LothoSaruman
27%
GrishnakhRohirrim
12%

Score Distribution

Percentile by Number Answered

Percent of People with Each Score

Your Score History

You have not taken this quiz since the last reset